000 02199cam a22005054a 4500
001 15694969
003 OSt
005 20150408114014.0
007 co ugu||||||||
008 090408s2010 stka 001 0 eng
010 _a 2009014966
015 _aGBA979007
_2bnb
016 7 _a101501671
_2DNLM
016 7 _a015346791
_2Uk
020 _a9780702031304 (alk. paper)
020 _a0702031305 (alk. paper)
035 _a(OCoLC)ocn318645715
040 _aDNLM/DLC
_cDLC
_dYDX
_dNLM
_dYDXCP
_dUBY
_dUKM
_dCDX
_dDLC
042 _apcc
050 0 0 _aRZ342
_b.G53 2010
060 0 0 _a2010 A-928
060 1 0 _aWB 535
_bG441m 2010
082 0 0 _a615.533
_222
100 1 _aGibbons, Peter,
_cDO.
_910833
245 1 0 _aManipulation of the spine, thorax and pelvis :
_ban osteopathic perspective /
_cPeter Gibbons, Philip Tehan ; foreword by Philip E. Greenman ; photographs by Tim Turner.
250 _a3rd ed.
260 _aEdinburgh ;
_aNew York :
_bChurchill Livingstone/Elsevier,
_c2010.
300 _axiii, 288 p. :
_bill. ;
_c26 cm. +
_e1 videodisc (4 3/4 in.)
500 _aIncludes index.
504 _aIncludes bibliographical references and index.
505 0 _aOsteopathic philosophy, practice and technique -- Kinematics and coupled motion of the spine -- Spinal positioning and locking -- Safety and HVLA thrust techniques -- Rationale for the use of HVLA thrust techniques -- Validation of clinical practice by research -- Cervical and cervicothoracic spine -- Thoracic spine and rib cage -- Lumbar and thoracolumbar spine -- Pelvis.
650 0 _aOsteopathic medicine.
_910834
650 0 _aManipulation (Therapeutics)
_910217
650 0 _aSpinal adjustment.
_910835
650 0 _aSpine
_xDiseases
_xTreatment.
_910836
650 0 _aChest
_xDiseases
_xTreatment.
_910837
650 0 _aPelvis
_xDiseases
_xTreatment.
_910838
650 1 2 _aManipulation, Osteopathic
_xmethods.
_910839
650 1 2 _aManipulation, Spinal
_xmethods.
_910840
650 2 2 _aPelvis.
_910841
650 2 2 _aThorax.
_910842
700 1 _aTehan, Philip.
_910843
942 _2ddc
_cBOOK
999 _c21486
_d255986